|
|
|
|
| LEADER |
00000nab a2200000 a 4500 |
| 001 |
vtls000192084 |
| 003 |
SK-MaSNL |
| 005 |
20260302205236.0 |
| 008 |
111106c1984 xo 0 slo |
| 015 |
|
|
|a SNBRB19rr/mm-uuuuu
|
| 035 |
|
|
|a CL0202197
|
| 040 |
|
|
|a SNKBUCL
|b slo
|c SNKBUCL
|e AACR2
|
| 041 |
0 |
|
|a slo
|
| 044 |
|
|
|a xo
|c SK
|
| 080 |
|
|
|a 885.4-3(087.5)
|2 1981
|
| 100 |
1 |
|
|a Bednár, Vlado,
|d 1941-1984
|4 aut
|9 85443
|
| 245 |
1 |
0 |
|a Ako šli čižmičky do sveta
|c Vlado Bednár ; Ferdinand Hložník
|
| 650 |
0 |
7 |
|a poviedky o deťoch
|2 snkbucl
|9 921537
|
| 650 |
0 |
7 |
|a literatúra pre deti a mládež
|2 snkbucl
|9 21893
|
| 655 |
|
7 |
|a články z novín a časopisov
|2 snkbucl
|9 267496
|
| 655 |
|
7 |
|a články z odboru literárna veda a krásna literatúra
|2 snkbucl
|9 770045
|
| 700 |
1 |
|
|a Hložník, Ferdinand,
|d 1921-2006
|4 gup
|9 92675
|
| 773 |
0 |
|
|t Slniečko
|g Roč. 17, č. 1 (1984), s. 10-14
|
| 850 |
|
|
|a Slovenská národná knižnica v Martine
|a MTA001
|
| 852 |
|
|
|a SNK
|b KIS3GCP
|
| 958 |
|
|
|a RK
|
| 958 |
|
|
|a LX
|
| 992 |
|
|
|a RBX
|
| 999 |
|
|
|c 1477038
|d 1478968
|